Missing Word: Poems (A-Z) Quiz Stats

 Plays Quiz Updated Aug 12, 2018

Challenge
Share
Tweet
Embed
Score 0/24 Timer 04:00
2 Plays Today
Hint Answer % Correct
Touched by an _____
Maya Angelou
Angel
98.6%
Fire And _____
Robert Frost
Ice
89.7%
I cannot live with _____
Emily Dickinson
You
88.6%
A _____ Within a Dream
Edgar Allan Poe
Dream
86.7%
The Faerie _____
Edmund Spenser
Queene
81.3%
Do not go gentle into that good _____
Dylan Thomas
Night
80.7%
Kubla _____
Samuel Taylor Coleridge
Khan
80.6%
This Is _____ To Say
William Carlos Williams
Just
80.3%
Ode on a Grecian _____
John Keats
Urn
75%
The _____ Song of J. Alfred Prufrock
T.S. Eliot
Love
58.5%
_____ of Myself
Walt Whitman
Song
49.3%
Autumn Begins in Martins Ferry, _____
James Wright
Ohio
45.4%
Hint Answer % Correct
I _____ Lonely as a Cloud
William Wordsworth
Wandered
39.6%
The Song of Mr. _____
Kenneth Grahame
Toad
33.6%
The Ballad of _____ Gaol
Oscar Wilde
Reading
30.9%
If You _____ Me
Pablo Neruda
Forget
28.4%
Crossing the _____
Alfred, Lord Tennyson
Bar
21.1%
Wild _____
Mary Oliver
Geese
20.6%
A Supermarket in _____
Allen Ginsberg
California
20.4%
To the _____, to Make Much of Time
Robert Herrick
Virgins
14.5%
The _____ of Ice Cream
Wallace Stevens
Emperor
13.6%
_____ Room
Shel Silverstein
Messy
12.4%
A _____ of Life
Henry Wadsworth Longfellow
Psalm
6.2%
A Word to _____
Ogden Nash
Husbands
5.7%

Today's Daily Dose

You're not logged in!

Compare scores with friends on all Sporcle quizzes.
OR
Log In

You Might Also Like...

Show Comments

Extras

Top Quizzes Today


Score Distribution

Your Account Isn't Verified!

In order to create a playlist on Sporcle, you need to verify the email address you used during registration. Go to your Sporcle Settings to finish the process.

Report this User

Report this user for behavior that violates our Community Guidelines.

Details: